000
00248nam a2200109Ia 4500
008
220204s9999 xx 000 0 und d
082
_a
82-3
_b
GRA
100
_a
Grant, Maxwell
245
0
_a
Barrier reef
260
_a
London
_b
Star
_c
1982
942
_c
BK
999
_c
37735
_d
37735